| 000 | 01288cam a2200373 a 4500 | ||
|---|---|---|---|
| 001 | 1146215 | ||
| 003 | OSt | ||
| 005 | 20140310184306.0 | ||
| 008 | 950802s1995 nyua a 000 1 eng d | ||
| 010 | _a 95060345 | ||
| 020 |
_a0590928821 _c$3.95 |
||
| 035 | _a(OCoLC)33387709 | ||
| 040 |
_aNcFayC _cNcFayC _dDLC |
||
| 042 |
_alccopycat _alcac |
||
| 050 | 0 | 0 |
_aPZ 7 _b.H4315Ot 1995 |
| 100 | 1 |
_aHerman, Gail, _d1959- _923136 |
|
| 245 | 1 | 0 |
_aOtto the cat / _cby Gail Herman ; illustrated by Norman Gorbaty. |
| 260 |
_aNew York : _bGrosset & Dunlap, _cc1995. |
||
| 300 |
_a[24] p. : _bcol. ill. ; _c23 cm. |
||
| 440 | 0 |
_aAll aboard reading. _pPicture reader _923137 |
|
| 500 | _aIncludes 24 flash cards. | ||
| 520 | _aThis rebus book is about Otto, a funny cat. | ||
| 521 | 1 | _bn/a | |
| 526 | _cn/a | ||
| 541 | _j1 | ||
| 562 | _e1 | ||
| 650 | 1 |
_aCats _xFiction. _923138 |
|
| 650 | 1 |
_aDogs _xFiction. _923139 |
|
| 650 | 1 |
_aRebuses. _92782 |
|
| 700 | 1 |
_aGorbaty, Norman, _eill. _923140 |
|
| 906 |
_a7 _bcbc _ccopycat _d3 _eopcn _f19 _gy-gencatlg |
||
| 942 |
_2lcc _cBK-SCHOLAS |
||
| 999 |
_c33492 _d33492 |
||